Gares sur la ligne entre Paris Austerlitz et Tours (via Orléans) - Statistiques

Statistiques générales
  • Ce quiz a été pris 43 fois
  • Le résultat moyen est 19 sur 51
Statistiques - réponses
Département Gare % Correct
Indre-et-Loire (37) Tours
81%
(37) Saint-Pierre-des-Corps
73%
(37) Amboise
70%
Paris (75) Paris-Austerlitz
70%
(91) Etampes
65%
(45) Les Aubrais
62%
Loiret (45) Beaugency
59%
(37) Montlouis
59%
(41) Blois - Chambord
57%
Loir-et-Cher (41) Mer
57%
(45) Meung-sur-Loire
57%
Paris (75) Bibliothèque-François-Mitterrand
49%
(91) Juvisy
43%
(94) Vitry-sur-Seine
43%
Val-de-Marne (94) Ivry-sur-Seine
41%
(45) La Chapelle-Saint-Mesmin
41%
(41) Onzain - Chaumont-sur-Loire
41%
Essonne (91) Angerville
38%
Loiret (45) Artenay
38%
(91) Monnerville
38%
(45) Saint-Ay
38%
Essonne (91) Athis-Mons
35%
(91) Brétigny
35%
(45) Cercottes
35%
(94) Choisy-le-Roi
35%
(91) Guillerval
35%
Eure-et-Loire (28) Toury
35%
(45) Chevilly
32%
(45) Baule
30%
(91) Sainte-Geneviève-des-Bois
30%
(91) Savigny-sur-Orge
30%
(94) Villeneuve-le-Roi
30%
Val-de-Marne (94) Ablon
27%
(91) Epinay-sur-Orge
27%
(94) Les Ardoines
27%
Loiret (45) Boisseaux
24%
Eure-et-Loire (28) Château-Gaillard
24%
(91) Saint-Michel-sur-Orge
24%
(45) Chaingy-Fourneaux-Plage
22%
(91) Chamarande
22%
(41) Chouzy
19%
(41) La Chaussée-Saint-Victor
19%
(91) Marolles-en-Hurepoix
19%
(41) Menars
19%
(37) Noizay
19%
(91) Bouray
16%
(91) Etrechy
16%
(91) Lardy
16%
Indre-et-Loire (37) Limeray
16%
(41) Suèvres
16%
Loir-et-Cher (41) Veuves - Monteaux
11%
Aucun quiz correspondant
Distribution des résultats
% des personnes avec chaque résultat
Percentile par nombre de réponses
Votre historique - résultats
Vous n’avez pas pris ce quiz